'A'-Less Countries (A-Z) Quiz Stats

 Plays Quiz Updated Dec 24, 2018

Also try: 'A'-Less Countries
Challenge
Share
Tweet
Embed
Score 0/24 Timer 04:00
2 Plays Today
Letter Countries % Correct
ANone
99.9%
HNone
99.9%
ONone
99.9%
QNone
99.9%
ZNone
99.9%
INone
99.9%
JNone
99.9%
VNone
99.9%
BBelgium, Belize, Benin, Brunei, Burundi
86.7%
CChile, Comoros, Cyprus, Côte d'Ivoire
85.9%
YYemen
85.3%
MMexico, Montenegro, Morocco
78.3%
Letter Countries % Correct
PPeru, Philippines
77%
TTogo, Turkey, Timor-Leste
76%
LLesotho, Liechtenstein, Luxembourg
73.3%
SSeychelles, Sweden
68.6%
FFiji
67.1%
DDjibouti
64.3%
EEgypt
63.7%
NNiger
57.5%
GGreece
54.7%
UUnited Kingdom
53.4%
KKosovo
50.3%
RRepublic of the Congo
25.4%

You're not logged in!

Compare scores with friends on all Sporcle quizzes.
OR
Log In

You Might Also Like...

Show Comments

Extras

Top Quizzes Today


Score Distribution

Your Account Isn't Verified!

In order to create a playlist on Sporcle, you need to verify the email address you used during registration. Go to your Sporcle Settings to finish the process.

Report this User

Report this user for behavior that violates our Community Guidelines.

Details: